| 000 | 01635nam a22002295i 4500 | ||
|---|---|---|---|
| 001 | 161061 | ||
| 003 | ES-MaACL | ||
| 005 | 20231227153619.0 | ||
| 008 | 940301s1873 sp |||| | spa d | ||
| 040 |
_aAR _bspa |
||
| 245 | 0 | 0 |
_aOrígenes de la lengua española / _ccompuestos por varios autores ; recogidos por Gregorio Mayans y Siscar ; publicados por primera vez en 1737 y reimpresos ahora por la sociedad "La Amistad Librera"; con un prólogo de Juan Eugenio Hartzenbusch ; y notas... por Eduardo de Mier. |
| 260 |
_aMadrid : _bLibrería de Victoriano Suarez, _c1873 ( _fimprenta y estereotipia de M. Rivadeneyra) |
||
| 300 |
_aXXXI, 485 p. ; _c22 cm. |
||
| 505 | 8 | _aContiene: Diálogo de las lenguas / de Juan de Valdés. Íñigo López de Mendoça ... ordenó estos refranes que dicen las viejas tras el fuego, é van ordenados por la órden del A, B, C. Vocablos godos que tenemos en el romance, / recogidos por el Doctor Bernardo Aldrete. Vocablos arabigos.../ recogidos por el Doctor Bernardo Aldrete. Compendio de algunos vocablos arábigos recopilados por Francisco Lopez Tamarid. Exposición ...de los Nombres Arabigos. Vocablos / que el Dotor Bernardo Aldrete sacò del Fuero Juzgo...Bocabulario de Germania / compuesto por Juan Hidalgo. El arte de trobar / Enrique de Villena | |
| 597 | _aIncluye [4] p. de propaganda ed. | ||
| 650 | 0 | 4 |
_aLengua española- _vHistoria. _914166 |
| 700 | 1 |
_aMayáns y Siscar, Gregorio. _979333 |
|
| 700 | 1 |
_aHartzenbusch, Juan Eugenio, _d1806-1880 _962011 |
|
| 700 | 1 |
_aMier, Eduardo de. _9129906 |
|
| 852 |
_aES-MaACL _jB-3020 _z-- Enc. hol. |
||
| 999 |
_c161061 _d161061 |
||